The Bhagavad Gita : (Record no. 3877)
[ view plain ]
| 000 -LEADER | |
|---|---|
| fixed length control field | 00686cam a2200205 4500 |
| 001 - CONTROL NUMBER | |
| control field | 4669 |
| 005 - DATE AND TIME OF LATEST TRANSACTION | |
| control field | 20181127173914.0 |
| 008 - FIXED-LENGTH DATA ELEMENTS--GENERAL INFORMATION | |
| fixed length control field | 960215s1995 caua 001 0 eng |
| 010 ## - LIBRARY OF CONGRESS CONTROL NUMBER | |
| LC control number | 95071657 |
| 020 ## - INTERNATIONAL STANDARD BOOK NUMBER | |
| International Standard Book Number | 9788189535001 |
| 041 1# - LANGUAGE CODE | |
| Language code of text/sound track or separate title | eng |
| Language code of original | hin |
| 100 0# - MAIN ENTRY--PERSONAL NAME | |
| Personal name | Yogananda, |
| Titles and words associated with a name | Paramahansa, |
| Dates associated with a name | 1893-1952. |
| 245 14 - TITLE STATEMENT | |
| Title | The Bhagavad Gita : |
| Remainder of title | God talks with Arjuna : royal science of God realization / |
| Statement of responsibility, etc. | Paramahansa Yogananda. |
| 260 ## - PUBLICATION, DISTRIBUTION, ETC. | |
| Place of publication, distribution, etc. | Kolkata, India : |
| Name of publisher, distributor, etc. | Yogoda Satsanga Society of India, |
| Date of publication, distribution, etc. | 2011. |
| 300 ## - PHYSICAL DESCRIPTION | |
| Extent | v p. ; |
| Other physical details | |
| Dimensions | 25 cm. |
| 500 ## - GENERAL NOTE | |
| General note | Includes index in v. 1 & 2. |
| 630 00 - SUBJECT ADDED ENTRY--UNIFORM TITLE | |
| Uniform title | Bhagavadgita |
| General subdivision | Commentaries. |
| 730 02 - ADDED ENTRY--UNIFORM TITLE | |
| Uniform title | Bhagavadgita. |
| Language of a work | English. |
| Withdrawn status | Lost status | Source of classification or shelving scheme | Damaged status | Not for loan | Collection code | Home library | Current library | Shelving location | Date acquired | Serial Enumeration / chronology | Inventory number | Total Checkouts | Total Renewals | Full call number | Barcode | Date last seen | Date last checked out | Price effective from | Koha item type |
|---|---|---|---|---|---|---|---|---|---|---|---|---|---|---|---|---|---|---|---|
| Dewey Decimal Classification | Main TEST | RTC Library | RTC Library | Main opac | 17/03/2021 | 2 | 7400 | 3 | 6 | 294.5 YOG | 30007482 | 29/06/2021 | 10/05/2021 | 27/11/2018 | Main | ||||
| Dewey Decimal Classification | Main TEST | RTC Library | RTC Library | Main opac | 17/03/2021 | 1 | 7399 | 9 | 9 | 294.5 YOG | 30007428 | 18/09/2025 | 03/09/2025 | 27/11/2018 | Main |